000 01084nam a22002657a 4500
999 _c36688
_d36688
005 20190212111238.0
008 100610t xxu||||| |||| 00| 0 hin d
010 _aHIN-89544
020 _c200.00
_a8173155232
035 _aHN-61890, B-188641
035 _aB-188652
037 _bDBAD / PUB
040 _aDPL
_bHN
082 _a
100 _aमिश्र, रामदरश
_918340
245 _aदर्द की हँसी /
_cरामदरश मिश्र; स्मिता मिश्र द्वारा संपादित
246 _aDard kee hansee/
_bby Ramdarash Mishr; ed. by Smita Mishr
260 _aनई दिल्ली
_bप्रभात प्रकाशन
_c2010
270 _a4/19, आसफ अली रोड
_bनई दिल्ली
_e110002
300 _a208पृ
_c22सेमी (सजिल्द)
650 _aलघु कथाएँ, हिन्दी
_91169
650 _aShort stories, hindi
_918341
700 _aमिश्र, स्मिता
_918342
942 _2ddc
_cHN
_mमिश्ररा